00325nam a22001097a 4500020001800000082002000018100002000038245007900058260002700137300002500164650002600189 a9780470578384 a371.3344678 STA aStavredes, Tina aEffective online teaching : foundations and strategies for student success aUSAbJossey-Bassc2011 axxii, 257p. :e24 cm aWeb-based instruction